| 000 | 01410cam a22003375a 4500 | ||
|---|---|---|---|
| 001 | 17919754 | ||
| 005 | 20160731125002.0 | ||
| 008 | 131018s2014 enk frb f001 0 eng d | ||
| 010 | _a 2013040517 | ||
| 020 | _a9781107612372 (pbk.) | ||
| 035 | _a(DNLM)101618299 | ||
| 040 |
_aDNLM/DLC _beng _cDLC _dEG-ScBUE |
||
| 043 | _ae-uk--- | ||
| 082 | 0 | 4 |
_a344.41041 _bHOP _222 |
| 100 | 1 |
_aHoppe, Nils. _940543 |
|
| 245 | 1 | 0 |
_aMedical law and medical ethics / _cNils Hoppe and José Miola. |
| 260 |
_aCambridge : _bCambridge University Press, _c2014. |
||
| 300 |
_axx, 306 p. ; _c25 cm. |
||
| 500 | _aIndex : p. 295-306. | ||
| 504 | _aIncludes bibliographical references. | ||
| 505 | 0 | _aConfidentiality and access to information -- Errors and fault -- Consent and autonomy -- Incapable adults and children -- Resource allocation and prioritisation -- Assisted reproduction -- Abortion, neonaticide and infanticide -- Organ and tissue transplantation -- Research -- The end of life -- Concluding thoughts. | |
| 650 | 0 |
_aMedical laws and legislation _zGreat Britain. _2BUEsh |
|
| 650 | 0 |
_aMedical ethics _zGreat Britain. _2BUEsh |
|
| 650 | 1 | 2 |
_aLegislation, Medical _zGreat Britain. _2BUEsh |
| 650 | 2 | 2 |
_aBioethical Issues _zGreat Britain. _2BUEsh |
| 650 | 2 | 2 |
_aEthics, Medical _zGreat Britain. _2BUEsh |
| 651 | _2BUEsh | ||
| 653 |
_bLLAAWW _cJuly2016 |
||
| 700 | 1 |
_aMiola, José. _940545 |
|
| 942 | _2ddc | ||
| 999 |
_c22074 _d22046 |
||